Guess the random Taylor Swift Song Lyrics 2 - Statistics

General Stats
  • This quiz has been taken 109 times
  • The average score is 272 of 386
Answer Stats
Answer % Correct
I
100%
I"
100%
a
99%
(a
99%
the
96%
The
96%
we
94%
(we
94%
You
94%
you
94%
you)
94%
me
93%
to
88%
and
87%
And
87%
when
85%
He
84%
in
84%
go
82%
go)
82%
it
82%
no
82%
where
82%
is
80%
your
80%
like
78%
So
77%
that
77%
That
77%
of
76%
on
73%
there
73%
are
72%
out
72%
(out
72%
time
72%
too
72%
never
71%
"what
71%
down
70%
oh
70%
Oh
70%
but
68%
just
68%
Just
68%
said
67%
say
67%
with
67%
been
66%
'cause
66%
'Cause
66%
Cause
66%
have
66%
his
66%
It's
66%
can't
65%
Can't
65%
every
65%
look
65%
Take
65%
take
65%
up
65%
back
63%
eye
63%
Long
63%
long
63%
thing
63%
come
62%
girl
62%
got
62%
home
62%
some
62%
style
62%
style)
62%
Know
61%
off
61%
red
61%
James
60%
Could
59%
Dean
59%
us
59%
about
57%
crashing
57%
from
57%
should
57%
stop
57%
yeah
57%
Yeah
57%
"I've
56%
lip
56%
skirt
56%
skirt)
56%
tell
56%
white
56%
you've
56%
daydream
55%
hair
55%
he's
55%
little
55%
t-shirt
55%
classic
54%
goes
54%
heard
54%
(heard
54%
keep
54%
or
54%
other
54%
tight
54%
eyes
52%
good
52%
even
51%
leave
51%
road
51%
says
51%
thinkin'
51%
times"
51%
'bout
50%
drive
50%
headlights
50%
pick
50%
slicked
50%
true
50%
since
49%
Takes
49%
while
49%
flames
48%
Midnight
48%
paradise
48%
wild
48%
each
46%
end
46%
few
46%
leads
46%
burning
45%
exactly
45%
into
45%
taking
45%
coat
44%
lights
44%
round
44%
faith
43%
Watch
43%
view
40%
(now
38%
Fade
37%
mm
34%
woah
26%
No matching quizzes found
Score Distribution
Percent of People with Each Score
Percentile by Number Answered
Your Score History
You have not taken this quiz